Pays ne possédant pas de McDonald's - Statistiques

Statistiques générales
  • Ce quiz a été pris 190 fois
  • Le résultat moyen est 3 sur 15
Statistiques - réponses
Indice Réponse % Correct
. Corée du nord
72%
. Iran
43%
. Afghanistan
38%
. Vatican
37%
. Cuba
30%
. Islande
21%
. Mongolie
21%
. Yémen
21%
. Algérie
20%
. Seychelles
6%
. Bolivie
4%
. Cambodge
4%
. Monténégro
1%
. Macédoine
1%
. Bermudes
0%
Aucun quiz correspondant
Distribution des résultats
% des personnes avec chaque résultat
Percentile par nombre de réponses
Votre historique - résultats
Vous n’avez pas pris ce quiz